Highest point on each continent - Statistics

General Stats
  • This quiz has been taken 7 times
  • The average score is 4 of 7
Answer Stats
Hint Answer % Correct
Europe(5633m) Elbrus
100%
Asia(8850m) Everest
100%
N.America(6190m) Mckinley
100%
S.America(6990m) Aconcagua
57%
Antarctica(4970m) Vinson Massif
43%
Africa(5895m) Kilmanjaro
14%
Australasia(2229m) Kosciuzko
0%
No matching quizzes found
Score Distribution
Percent of People with Each Score
Percentile by Number Answered
Your Score History
You have not taken this quiz